000 00268nam a22001217a 4500
082 _a823
_bTAY/B
100 _aTAYLOR, GERALDINE
245 _aBELLA & GERTLE
260 _aUNITED KINGDOM
_bLADY BIRD BOOKS
300 _a16
650 _aENGLISH STORY
_zINDIA
942 _cBK
999 _c7488
_d7488